000 01152cab a2200301 4500
001 WB3014-80
008 090401t1994 xxu||||| |||| 00| 0 eng d
035 _a(Sirsi) u24430
041 _aeng
245 _aRICS to investigate complaints
260 _c1994
350 _a0
490 _aProperty Week
_v47(1) 7 April 1994, 8
490 _aEstates Gazette
_v(9414) 9 April 1994, 3
490 _aRICS Press Release
_v(PR47/94corp) 30 March 1994 (4)
520 _aChartered surveyors who take on work for which they have no experience, or who fail to confirm instruction or do not finish their work promptly could have their work practices investigated by the RICS according to a green paper, "Methods of investigating inadequate professional services".
650 _aABOUT RICS-RICS MEMBERS
650 _aCLARK COMMITTEE
650 _aCONSTITUTIONAL REVIEW
650 _aGREEN PAPER
650 _aMONITORING
650 _aPROFESSIONAL CONDUCT
650 _aRICS MONITORING AND INVESTIGATION COMMITTEE
650 _aSTANDARDS
690 _aMANAGEMENT-BUSINESS MANAGEMENT-PROFESSIONAL PRACTICE
942 _n0
948 _c04/03/1997
999 _c16381
_d16381